000
00322 a2200121 4500
000
nam a22 7a 4500
005
20260206171455.0
020
_a
9788179758069
100
_a
Jagarsingh Visht
_9
1114309
245
_a
Sahitya srijan ke kuch sandarbh
260
_b
Anamika Publishers & Distributors
_c
2024
942
_c
TEXL
999
_c
1678853
_d
1678853